ბათუმის შოთა რუსთაველის სახელმწიფო უნივერსიტეტის ბიბლიოთეკა

Risk Management for Insurers : (ბიბ.ჩანაწერი № 57510)

000 -LEADER
fixed length control field 00572nam a22001697a 4500
005 - DATE AND TIME OF LATEST TRANSACTION
control field 20221007122548.0
008 - FIXED-LENGTH DATA ELEMENTS--GENERAL INFORMATION
fixed length control field 200701s2011 eng||||| |||| 00| 0 enk d
020 ## - INTERNATIONAL STANDARD BOOK NUMBER
International Standard Book Number 9781906348618
041 ## - LANGUAGE CODE
Language code of text/sound track or separate title eng
080 ## - UNIVERSAL DECIMAL CLASSIFICATION NUMBER
Universal Decimal Classification number 368 D-69
100 ## - MAIN ENTRY--PERSONAL NAME
Personal name Doff, Rene
9 (RLIN) 8922
245 ## - TITLE STATEMENT
Title Risk Management for Insurers :
Remainder of title Risk Control, Economic Capital and Solvency /
Statement of responsibility, etc. Rene Doff.
264 ## - PRODUCTION, PUBLICATION, DISTRIBUTION, MANUFACTURE, AND COPYRIGHT NOTICE
Place of production, publication, distribution, manufacture London :
Name of producer, publisher, distributor, manufacturer Risk books,
Date of production, publication, distribution, manufacture, or copyright notice 2011.
300 ## - PHYSICAL DESCRIPTION
Extent 321 p.
Other physical details 24 cm.
653 ## - INDEX TERM--UNCONTROLLED
keyword რისკების მენეჯმენტი დამზღვევებისთვის
942 ## - ADDED ENTRY ELEMENTS (KOHA)
Source of classification or shelving scheme
Koha item type წიგნი
ეგზემპლარები
Withdrawn status Lost status Source of classification or shelving scheme Damaged status Not for loan Permanent Location Current Location Shelving location Date acquired Cost, normal purchase price Full call number Barcode Date last seen Copy number Price effective from Koha item type Public note
          ბათუმის შოთა რუსთაველის სახელმწიფო უნივერსიტეტის მთავარი ბიბლიოთეკა ბათუმის შოთა რუსთაველის სახელმწიფო უნივერსიტეტის მთავარი ბიბლიოთეკა წიგნსაცავი 2020-07-01 525.00 368 D-69 60704 2020-07-01 60704 2020-07-01 წიგნი 525 ლ.